[Event "Nantes op 6th"]
[Site "Nantes"]
[Date "2007.12.26"]
[Round "1"]
[White "Hauchecorne, Alexis"]
[Black "Merand, Francois"]
[Result "1-0"]
[WhiteElo "1499"]
[BlackElo "1720"]
[PlyCount "69"]
[EventDate "2007.12.26"]
[EventType "swiss"]
[EventRounds "7"]
[EventCountry "FRA"]
[SourceTitle "CBM 122 Extra"]
[Source "ChessBase"]
[SourceDate "2008.03.04"]
[SourceVersion "1"]
[SourceVersionDate "2008.03.04"]
[SourceQuality "1"]

1. e4 c6 2. f4 d5 3. e5 f6 4. Nf3 fxe5 5. Nxe5 Nf6 6. d4 Bf5 7. c4 e6 8. Nc3 Nbd7 9. Be2 Ne4 10. 0-0 Ndf6 11. cxd5 exd5 12. g4 Nxc3 13. bxc3 Be4 14. g5 Nd7 15. Bg4 Nb6 16. f5 Be7 17. Bh5+ g6 18. fxg6 hxg6 19. Bxg6+ Bxg6 20. Nxg6 Rg8 21. Qh5 Kd7 22. Rf7 Nc8 23. Ba3 Re8 24. Re1 a5 25. Bxe7 Nxe7 26. Nxe7 Kc7 27. Nxd5+ Kb8 28. Ne7 Ra6 29. g6 Rh8 30. Qe5+ Ka8 31. g7 Re8 32. Ref1 c5 33. Rf8 Rg6+ 34. Nxg6 Rxe5 35. Rxd8+ 1-0